All 100k+ Cities in North America on a Map - Statistics

General Stats
  • This quiz has been taken 2,125 times
    294 since last reset
  • The average score is 191 of 643
Answers on the Map
Answers color-coded by a green-red scale on the quiz's map according to % correct below.
 
Answer Stats
City Population % Correct
New York 8,478,072
89%
Vancouver 198,992 | 756,008
87%
Los Angeles 3,878,704
86%
Toronto 3,273,119
86%
Chicago 2,721,308
85%
Ciudad de México 8,843,706
85%
Miami 487,014
85%
Houston 2,390,125
83%
Dallas 1,326,087
81%
Edmonton 1,190,458
81%
La Habana 2,137,847
81%
Seattle 780,995
80%
San Francisco 827,526
79%
Calgary 1,569,133
78%
Montréal 1,945,359
78%
Ottawa 1,153,843
78%
Boston 673,458
77%
Las Vegas 678,922
77%
San Diego 1,404,452
77%
San José 1,453,500
76%
San Jose 997,368
76%
Austin 993,588
75%
Denver 729,019
75%
Detroit 645,705
75%
Phoenix 1,673,164
75%
Portland 635,749
75%
Tampa 414,547
75%
Washington 702,250
75%
Ciudad de Panamá 1,132,969
74%
Jackson 141,449
74%
Kingston 148,869 | 584,627
74%
New Orleans 362,701
74%
Orlando 334,854
74%
Atlanta 520,070
73%
Charlotte 943,476
73%
Cleveland 365,379
73%
Jacksonville 1,009,833
72%
Sacramento 535,798
72%
Salt Lake City 217,783
72%
Winnipeg 843,640
72%
Anchorage 289,600
71%
Philadelphia 1,573,916
71%
Québec 592,884
71%
Columbus 201,830 | 933,263
70%
Minneapolis 428,579
70%
San Antonio 1,526,656
70%
Baltimore 568,271
69%
El Paso 681,723
69%
Nashville 704,963
69%
Santo Domingo 2,752,784
69%
Buffalo 276,617
68%
Indianapolis 891,484
68%
Kansas City 156,752 | 516,032
68%
Oklahoma City 712,919
68%
San Juan 322,854
68%
Pòtoprens 875,978
66%
Tijuana 1,810,645
66%
Albuquerque 560,326
65%
Ciudad de Guatemala 923,392
65%
Halifax 502,753
65%
Memphis 610,919
65%
St. Louis 279,695
65%
Boise 237,963
64%
Ciudad Victoria 332,100
64%
Nassau 296,732
64%
Richmond 115,353 | 233,655 | 242,966
64%
Cincinnati 314,915
63%
Pittsburgh 307,668
63%
Victoria 102,856
63%
Monterrey 1,142,952
62%
Cancún 888,797
61%
Fort Worth 1,008,106
61%
Milwaukee 563,531
61%
Winston-Salem 255,769
61%
Albany 101,317
60%
Birmingham 196,357
60%
Guadalajara 1,385,621
60%
Salem 180,406
60%
Louisville 640,796
59%
St. Paul 307,465
59%
Tucson 554,013
59%
Baton Rouge 220,907
58%
Charleston 157,665
58%
Regina 255,395
58%
San Salvador 316,090
58%
Lincoln 300,619
57%
London 488,640
57%
Omaha 489,265
57%
St. John's 126,154
57%
Fresno 550,105
56%
Providence 194,706
56%
Raleigh 499,825
56%
Tallahassee 205,089
56%
Springfield 112,949 | 154,888 | 170,596
55%
Colorado Springs 493,554
54%
Des Moines 213,096
54%
Juárez 1,501,551
54%
Little Rock 204,774
54%
Madison 285,300
54%
Managua 1,055,111
54%
Oakland 443,554
54%
Reno 281,714
54%
Spokane 230,609
54%
Tegucigalpa 1,132,000
54%
Virginia Beach 454,808
54%
Newark 317,303
53%
Saskatoon 308,626
53%
Columbia 106,830 | 130,900 | 144,788
52%
Hamilton 632,111
52%
Mobile 201,367
52%
Niagara Falls 111,793
52%
Rochester 123,624 | 207,282
52%
Tulsa 415,154
52%
Fargo 136,285
51%
Savannah 148,808
51%
St. Petersburg 267,102
51%
Arlington 251,820 | 403,672
50%
Jersey City 302,824
50%
Toledo 265,638
50%
Wichita 400,991
50%
Lansing 114,336
49%
Long Beach 450,901
49%
New Haven 137,562
49%
Anaheim 344,561
48%
Chihuahua 925,762
48%
Corpus Christi 317,317
48%
Green Bay 106,311
48%
Montgomery 195,818
48%
Santa Ana 198,251 | 316,184
48%
Sioux Falls 209,289
48%
Billings 121,483
47%
Bakersfield 417,468
46%
Eugene 178,786
46%
Hartford 122,129
46%
Knoxville 198,722
46%
Lexington 329,437
46%
Mérida 921,771
46%
St. George 106,288
46%
Syracuse 146,097
46%
Greensboro 307,381
45%
Heroica Puebla de Zaragoza 1,542,232
45%
Mesa 517,151
45%
Akron 189,664
44%
Grand Rapids 200,117
44%
Mexicali 854,186
44%
North Las Vegas 294,034
44%
Amarillo 203,729
43%
Aurora 180,710 | 403,130
43%
Dayton 136,346
43%
Provo 115,479
43%
Topeka 125,467
43%
Laredo 261,260
42%
Thunder Bay 117,100
42%
Boulder 106,803
41%
Fort Lauderdale 190,641
41%
Riverside 323,757
41%
Santiago de los Caballeros 612,595
41%
Tacoma 228,202
41%
Henderson 350,039
40%
León 177,270
40%
León de los Aldama 1,579,803
40%
Lubbock 272,086
40%
McAllen 148,782
40%
Windsor 266,309
40%
Augusta 201,737
39%
Durham 301,870
39%
Fayetteville 103,134 | 209,496
39%
Fort Wayne 273,203
39%
Glendale 187,823 | 258,143
39%
Huntsville 230,402
39%
Lafayette 122,280
39%
Manchester 116,386
39%
Mississauga 780,747
39%
Norfolk 231,105
39%
Oaxaca de Juárez 258,913
39%
San Luis Potosí 845,941
39%
Stockton 324,975
39%
Worcester 211,286
39%
Athens 128,691
38%
Brownsville 191,967
38%
Bend 106,926
37%
Cabo San Lucas 202,694
37%
Cape Coral 233,025
37%
Chandler 281,231
37%
Chula Vista 278,546
37%
Las Cruces 116,998
37%
San Bernardino 224,775
37%
San José del Cabo 136,285
37%
Santa Clara 133,132 | 217,907
37%
Waco 146,608
37%
Yonkers 211,040
37%
Allen 113,746
36%
Ontario 185,285
36%
Scottsdale 246,170
36%
Shreveport 176,578
36%
Veracruz 537,963
36%
Yuma 103,559
36%
Bridgeport 151,599
35%
Concord 112,395 | 124,016
35%
Peoria 111,696 | 199,924
35%
Plano 293,286
35%
Alexandria 159,102
34%
Ann Arbor 122,925
34%
Cambridge 121,186 | 163,208
34%
Chattanooga 191,496
34%
Santa Clarita 229,159
34%
Fort Collins 170,924
33%
Gilbert 288,790
33%
Hollywood 159,073
33%
Macon 157,056
33%
Newport News 183,056
33%
Red Deer 112,917
33%
South Bend 103,713
33%
Wilmington 125,284
33%
Acapulco de Juárez 658,609
32%
Cedar Rapids 137,904
32%
Chesapeake 254,997
32%
Davenport 100,938
32%
Irvine 318,683
32%
Kitchener 320,360
32%
Overland Park 202,893
32%
Pasadena 137,195 | 149,617
32%
Port St. Lucie 258,575
32%
Pueblo 111,166
32%
San Pedro Garza García 132,128
32%
Santa Maria 111,346
32%
Santa Rosa 177,524
32%
Wichita Falls 102,372
32%
Allentown 127,138
31%
Fremont 228,192
31%
Hermosillo 855,563
31%
Laval 460,396
31%
Naperville 153,124
31%
Orange 137,941
31%
Surrey 700,459
31%
Tuscaloosa 114,288
31%
Aguascalientes 863,893
30%
Elizabeth 140,413
30%
Tempe 190,114
30%
Toluca de Lerdo 223,876
30%
Bellevue 154,377
29%
Berkeley 121,749
29%
Irving 258,060
29%
Joliet 151,837
29%
Kamloops 109,633
29%
Modesto 220,592
29%
Nampa 117,350
29%
West Palm Beach 127,744
29%
Brampton 791,486
28%
Everett 113,011
28%
Frisco 235,208
28%
Guantánamo 213,375
28%
Hialeah 235,388
28%
Midland 143,687
28%
Oxnard 200,616
28%
Rockford 147,486
28%
Stamford 139,134
28%
Trois-Rivières 149,208
28%
West Jordan 116,688
28%
Evansville 115,395
27%
La Paz 250,141
27%
Murfreesboro 168,387
27%
Oceanside 170,941
27%
Paradise 194,440
27%
Carmel 103,606
26%
Chatham-Kent 111,368
26%
Chico 102,911
26%
Huntington Beach 193,151
26%
Inglewood 102,774
26%
Kelowna 165,200
26%
Norman 131,010
26%
Odessa 119,748
26%
Paterson 160,463
26%
San Pedro Sula 701,200
26%
Santiago de Cuba 431,411
26%
Santiago de Querétaro 794,789
26%
Spokane Valley 108,267
26%
Victoria de Durango 616,068
26%
Abilene 130,501
25%
Burbank 103,533
25%
Burnaby 298,986
25%
Clarksville 185,690
25%
Dearborn 106,377
25%
Gainesville 148,720
25%
Garland 250,431
25%
Gatineau 305,334
25%
Greater Sudbury 186,337
25%
Hampton 137,596
25%
Independence 121,629
25%
Killeen 160,616
25%
Lancaster 167,426
25%
North Charleston 126,005
25%
Olathe 149,035
25%
Quincy 103,434
25%
Reynosa 691,557
25%
Saltillo 864,431
25%
Sherbrooke 184,303
25%
Sparks 111,520
25%
Surprise 167,564
25%
Thousand Oaks 124,229
25%
West Valley City 138,144
25%
Cape Breton 107,391
24%
Cary 182,659
24%
Clearwater 116,811
24%
College Station 128,023
24%
Denton 165,998
24%
Guelph 159,360
24%
Montego Bay 110,115
24%
Oshawa 207,408
24%
Rancho Cucamonga 176,675
24%
San Buenaventura 109,831
24%
Sugar Land 109,851
24%
Tyler 112,219
24%
Beaumont 112,893
23%
Gresham 111,507
23%
Kent 136,588
23%
Lakewood 156,868
23%
Nanaimo 110,707
23%
Nuevo Laredo 416,055
23%
Visalia 146,271
23%
Willemstad 136,660
23%
Broken Arrow 122,756
22%
Buckeye 114,334
22%
Hillsboro 110,337
22%
Lakeland 124,990
22%
Lowell 120,418
22%
Markham 368,110
22%
McKinney 227,526
22%
New Bedford 101,318
22%
Rio Rancho 112,524
22%
San Mateo 103,006
22%
Warren 137,686
22%
Abbotsford 175,087
21%
Corona 161,540
21%
Goodyear 118,186
21%
Greeley 114,363
21%
Meridian 139,740
21%
Moreno Valley 213,919
21%
Puerto Vallarta 224,166
21%
Salinas 160,783
21%
Sandy Springs 105,505
21%
Arvada 121,873
20%
Barrie 169,419
20%
Culiacán Rosales 808,416
20%
Ecatepec de Morelos 1,643,623
20%
Elgin 114,701
20%
Fontana 218,455
20%
Hayward 158,440
20%
Heroica Nogales 261,137
20%
Pearland 129,620
20%
Round Rock 135,359
20%
Sterling Heights 134,342
20%
Suffolk 103,105
20%
Torrance 139,576
20%
Torreón 690,193
20%
Victorville 140,721
20%
Waterbury 115,908
20%
Waterloo 144,161
20%
Boca Raton 102,238
19%
Carlsbad 113,575
19%
Colón 159,157
19%
Edison 110,002
19%
Elk Grove 182,797
19%
Federal Way 100,252
19%
Grand Prairie 207,331
19%
Guadalupe 170,029 | 635,862
19%
Lynn 103,489
19%
San Angelo 100,159
19%
Simi Valley 125,778
19%
Zacatecas 138,444
19%
Burlington 197,351
18%
Camagüey 310,819
18%
Daly City 101,418
18%
Edinburg 108,733
18%
Escondido 148,847
18%
Fullerton 140,054
18%
Georgetown 101,344
18%
Heroica Matamoros 510,739
18%
Lethbridge 111,400
18%
Longueuil 268,684
18%
Metairie 145,640
18%
Miami Gardens 116,173
18%
Miramar 143,242 | 161,820
18%
Palmdale 162,536
18%
Playa del Carmen 304,942
18%
Renton 105,543
18%
Richmond Hill 219,094
18%
Roseville 163,304
18%
San Francisco de Campeche 249,623
18%
South Fulton 112,003
18%
St. Catharines 152,958
18%
Tampico 297,373
18%
Tuxtla Gutiérrez 578,830
18%
Vallejo 123,475
18%
Vaughan 353,648
18%
Westminster 115,302
18%
Ajax 138,843
17%
Brandon 119,360
17%
Brockton 105,788
17%
Carrollton 135,456
17%
Coquitlam 174,248
17%
Coral Springs 140,808
17%
David 103,915
17%
Enterprise 250,490
17%
Fairfield 122,646
17%
High Point 118,601
17%
Kap Ayisyen 155,505
17%
Lee's Summit 106,419
17%
Lévis 159,436
17%
Mazatlán 441,975
17%
Mesquite 150,140
17%
New Braunfels 116,477
17%
Palm Bay 142,023
17%
Pomona 147,966
17%
Ponce 107,951
17%
Saguenay 152,341
17%
Thornton 146,689
17%
Villahermosa 340,060
17%
Centennial 108,853
16%
Ciudad Nezahualcóyotl 1,072,676
16%
San Miguel 155,958
16%
Sunrise 100,128
16%
Temecula 112,431
16%
The Woodlands 123,190
16%
Xalapa-Enríquez 443,063
16%
Antioch 118,453
15%
Clovis 127,993
15%
Colima 146,965
15%
Deltona 100,513
15%
El Cajon 103,291
15%
Holguín 302,890
15%
League City 118,456
15%
Morelia 743,275
15%
North Vancouver 166,371
15%
Terrebonne 125,278
15%
Brantford 120,372
14%
Downey 109,368
14%
Ensenada 330,652
14%
Fishers 103,986
14%
Garden Grove 172,361
14%
Langley 197,585
14%
Oakville 238,716
14%
Pompano Beach 118,104
14%
Puerto Plata 132,878
14%
San Cristóbal 167,466
14%
San Cristóbal de las Casas 183,509
14%
West Covina 106,920
14%
Zapopan 1,257,547
14%
Chetumal 169,028
13%
Murrieta 112,539
13%
Pembroke Pines 179,326
13%
Sunnyvale 156,792
13%
Vacaville 103,994
13%
Chilliwack 102,306
12%
Ciudad del Carmen 191,238
12%
Costa Mesa 109,131
12%
Cuernavaca 341,029
12%
Delta 125,165
12%
El Monte 104,639
12%
Hesperia 101,836
12%
Jurupa Valley 108,154
12%
Pickering 113,385
12%
Quetzaltenango 180,706
12%
Richardson 118,221
12%
Whitby 158,855
12%
Cienfuegos 153,048
11%
Conroe 114,581
11%
Granada 106,719
11%
Highlands Ranch 106,300
11%
Kafou 430,250
11%
La Romana 265,313
11%
Las Tunas 176,139
11%
Matanzas 145,034
11%
Menifee 117,041
11%
Milton 152,817
11%
Rialto 104,918
11%
Saint-Jean-sur-Richelieu 100,558
11%
Spanish Town 147,152
11%
Spring Valley 231,410
11%
Sunrise Manor 212,520
11%
Tapachula de Córdova y Ordóñez 217,550
11%
Tepic 371,387
11%
Ciudad Obregón 329,404
10%
Davie 112,052
10%
Gonayiv 228,725
10%
Lewisville 135,983
10%
Los Mochis 298,009
10%
Pachuca de Soto 297,848
10%
Palm Coast 106,729
10%
Saanich 125,436
10%
Alajuela 196,900
9%
Bayamo 159,014
9%
Coatzacoalcos 212,540
9%
Comayagua 120,500
9%
Córdoba 139,075
9%
East Los Angeles 115,510
9%
Irapuato 452,090
9%
Manzanillo 159,853
9%
Strathcona County 105,218
9%
Tlalnepantla 658,907
9%
Cartago 232,300
8%
Chimalhuacán 703,215
8%
Cobán 212,047
8%
Huehuetenango 117,818
8%
La Ceiba 209,000
8%
Maple Ridge 106,489
8%
Masaya 140,721
8%
Pinar del Río 144,910
8%
San Tan Valley 105,720
8%
Tlaquepaque 650,123
8%
Tracy 100,136
8%
Uruapan 299,523
8%
Bayamón 165,368
7%
Carolina 138,304
7%
Heredia 367,900
7%
Heroica Guaymas 117,253
7%
Lehigh Acres 125,980
7%
Mejicanos 140,751
7%
Mixco 463,019
7%
Naucalpan de Juárez 911,168
7%
Petyonvil 271,175
7%
Piedras Negras 173,959
7%
Plantation 100,694
7%
San Luis Río Colorado 176,685
7%
Santa Tecla 108,840
7%
Sen Mak 122,747
7%
Site Solèy 241,055
7%
Celaya 378,143
6%
Ciego de Ávila 121,788
6%
Ciudad Acuña 160,225
6%
Clarington 113,564
6%
Clinton 101,359
6%
Cuautitlán 117,995
6%
Escuintla 156,313
6%
Jalapa 159,840
6%
Monclova 237,169
6%
Ojo de Agua 386,290
6%
Portmore 182,153
6%
Puerto Barrios 100,593
6%
Salamanca 160,682
6%
Sancti Spíritus 109,110
6%
San Francisco de Macorís 143,726
6%
San Pablo de las Salinas 157,998
6%
San Pedro de Macorís 207,378
6%
Soyapango 241,403
6%
Apopa 123,095
5%
Buenavista 216,776
5%
Chilpancingo de los Bravo 225,728
5%
Chinandega 115,687
5%
Choloma 220,300
5%
Ciudad Apodaca 536,436
5%
Ciudad Madero 205,933
5%
Delicias 128,548
5%
El Progreso 120,600
5%
Estelí 112,132
5%
Fresnillo 143,281
5%
Higüey 210,278
5%
La Vega 123,677
5%
Minatitlán 149,162
5%
Playas de Rosarito 100,660
5%
San Nicolás de los Garza 412,199
5%
Soledad de Graciano Sánchez 310,192
5%
Tipitapa 150,597
5%
Tonalá 442,440
5%
Villa Nueva 426,316
5%
Xico 384,327
5%
Zamora de Hidalgo 154,546
5%
Chalco de Díaz Covarrubias 174,704
4%
Chiquimula 111,505
4%
Ciudad Benito Juárez 308,285
4%
Ciudad López Mateos 523,065
4%
Ciudad Nicolás Romero 323,545
4%
Ciudad Sandino 130,357
4%
Ciudad Santa Catarina 304,052
4%
Ciudad Valles 136,351
4%
Cuauhtémoc 135,586
4%
Cuautitlán Izcalli 515,353
4%
Cuautla 157,336
4%
Dèlma 359,451
4%
García 234,698
4%
Gómez Palacio 301,742
4%
Hidalgo del Parral 113,843
4%
Iguala de la Independencia 132,854
4%
Ixtapaluca 368,585
4%
Jutiapa 145,880
4%
La Chorrera 205,959
4%
Los Alcarrizos 282,799
4%
Matagalpa 114,120
4%
Navojoa 120,926
4%
Orizaba 120,500
4%
Petapa 129,124
4%
Poza Rica de Hidalgo 180,057
4%
Riverview 122,840
4%
San Juan del Río 177,719
4%
San Juan Sacatepéquez 155,965
4%
Spring Hill 119,920
4%
Tehuacán 293,825
4%
Totonicapán 103,952
4%
Apatzingán de la Constitución 102,362
3%
Chinautla 104,972
3%
Ciudad General Escobedo 454,967
3%
Kanasín 139,753
3%
San Francisco Coacalco 293,245
3%
San Juan Bautista Tuxtepec 103,609
3%
Tepexpan 120,778
3%
Villa Canales 124,680
3%
Chicoloapan de Juárez 193,532
2%
Jiutepec 174,629
2%
Ramos Arizpe 114,010
2%
Tulancingo 106,163
2%
Vista Alegre 128,973
2%
Cholula de Rivadavia 102,260
1%
Ciudad de Villa de Álvarez 147,496
1%
Ciudad Río Bravo 111,314
1%
Comitán de Domínguez 113,479
1%
El Pueblito 115,264
1%
Hacienda Santa Fe 139,174
1%
Lagos de Moreno 111,569
1%
Ciudad Guzmán 111,975
0%
Temixco 104,461
0%
No matching quizzes found
Score Distribution
Percent of People with Each Score
Percentile by Number Answered
Your Score History
You have not taken this quiz since the last reset